| 000 | 00386nam a2200097Ia 4500 | ||
|---|---|---|---|
| 008 | 171204s9999 xx 000 0 und d | ||
| 245 | _aSpanish Course: Accelerated Spanish • Learn fluent Spanish with a proven accelerated learning system | ||
| 260 | _c2016 | ||
| 650 | _xForeign language 2 (Spanish) | ||
| 856 | _uhttp://down.ebook777.com/046/Accelerated%20Spanish_-%20Timothy%20Moser.pdf | ||
| 999 |
_c346675 _d346675 |
||